000 00297nam a22001337a 4500
020 _a978-93-85175-85-5
082 _a894.812.3
_bGEO/S
100 _aGEORGE,BEENA
245 _aSNOWWHITUM EZHU KULLANMARUM
260 _aTHRISSUR
_bH&C BOOKS
300 _a48
650 _aSTORY
_zKERALA
942 _cBK
999 _c7061
_d7061